| 000 | 00974nam0a2200313 4500 | ||
|---|---|---|---|
| 001 | RU\NLR\bibl\444190 | ||
| 005 | 20250623175855.0 | ||
| 021 |
_aRU _b2003-33828 _91603 |
||
| 035 | _a(NLR Aleph) 000437889 | ||
| 090 |
_a795502 _c795502 |
||
| 100 | _a20030908d2003 |||y0rusy50 ca | ||
| 101 | 0 | _arus | |
| 102 | _aRU | ||
| 105 | _aa ||||||||| | ||
| 200 | 1 |
_aАчикульские сюрпризы _eСб. рассказов _fНиколай Неупокоев |
|
| 210 |
_aКурган _cБ. и. _d2003 |
||
| 215 |
_a52 с. _cил. _d21 |
||
| 675 |
_a821.161.1-32Неупокоев _v3 _zrus |
||
| 686 |
_a17.82 _2rugasnti |
||
| 686 |
_a84(2Рос-Рус)6-44 _2rubbk |
||
| 686 | _aШ6(2=Р)75-440.5 | ||
| 700 | 1 |
_aНеупокоев _bН. С. _gНиколай Сергеевич _4070 |
|
| 801 | 0 |
_aRU _bRKP _c20030908 _gPSBO |
|
| 801 | 1 |
_aRU _bRKP _c20030908 |
|
| 801 | 2 |
_aRU _bNLR _c20031120 _grcr |
|
| 942 | _cBOOK | ||
| 980 | _aNB | ||